| 000 | 00338 a2200097 4500 | ||
|---|---|---|---|
| 082 | _a934.04 DAR | ||
| 100 | _aḌār, Saifurraḥmān. | ||
| 245 |
_aTaxila and the western world / _cby Saifur Rahman Dar. |
||
| 250 | _aRev. ed. | ||
| 260 |
_aLahore : _bLibrary and Information Management Academy, _c1998. |
||
| 300 |
_axxix, 300, xxxix p. : _bill. (some col.), maps ; _c24 cm. |
||
| 999 |
_c1874 _d1874 |
||